00381nam a2200157Ia 4500008004100000020001500041041001200056082001600068100001500084245005200099250000800151260002400159300000800183650001500191700001700206221030s9999 xx 000 0 und d a0070600937 aEnglish a105.23bGra aG. F. Gray 0aProject Managementcby G. F. Gray, E. W. Larson a3rd bTMHaNew Delhic325 a561 aManagement aE. W. Larson